[Event "FICS rated blitz game"]
[Site "FICS freechess.org"]
[Date "2018.01.22"]
[Round "?"]
[White "Chilenodecorazon"]
[Black "dalto"]
[Result "1-0"]
[WhiteElo "1382"]
[BlackElo "1342"]
[PlyCount "43"]
[EventDate "2018.??.??"]
[EventType "blitz"]

1. e4 e5 2. Nf3 Nc6 3. c3 Bc5 4. d4 exd4 5. cxd4 Bb4+ 6. Bd2 Bxd2+ 7. Qxd2 a6
8. d5 Na7 9. Nc3 Ne7 10. Bc4 O-O 11. d6 cxd6 12. Qxd6 Nac6 13. Nd4 b5 14. Nxc6
dxc6 15. Qxd8 Rxd8 16. Be2 Be6 17. O-O c5 18. Rad1 c4 19. Bf3 Nc6 20. e5 b4 21.
Na4 Nd4 22. Bxa8 {Black resigns} 1-0

[Event "FICS rated blitz game"]
[Site "FICS freechess.org"]
[Date "2018.01.22"]
[Round "?"]
[White "histo"]
[Black "Korogorov"]
[Result "1-0"]
[WhiteElo "1501"]
[BlackElo "1415"]
[PlyCount "49"]
[EventDate "2018.??.??"]
[EventType "blitz"]

1. e4 e5 2. Nf3 Nc6 3. c3 Nf6 4. Bd3 Bc5 5. O-O O-O 6. Bc2 d5 7. d4 exd4 8.
cxd4 Bb6 9. e5 Ne4 10. Nc3 Bg4 11. Be3 Nb4 12. Bb3 c6 13. a3 Na6 14. h3 Bh5 15.
g4 Bg6 16. Nxe4 Bxe4 17. Ng5 Bg6 18. Qd2 c5 19. f4 c4 20. Ba4 Be4 21. Nxe4 dxe4
22. Rad1 Nc7 23. b3 Qh4 24. Qg2 Nd5 25. Bd2 1-0

[Event "FICS rated blitz game"]
[Site "FICS freechess.org"]
[Date "2018.01.22"]
[Round "?"]
[White "windbumwino"]
[Black "TatuL"]
[Result "1-0"]
[WhiteElo "1495"]
[BlackElo "1413"]
[PlyCount "85"]
[EventDate "2018.??.??"]
[EventType "blitz"]

1. e4 e5 2. c3 Nc6 3. Nf3 d6 4. d4 exd4 5. cxd4 f5 6. d5 fxe4 7. dxc6 exf3 8.
cxb7 Bxb7 9. gxf3 Qf6 10. Qe2+ Be7 11. Bg2 O-O-O 12. Be3 h6 13. Nc3 g5 14. Bxa7
Re8 15. O-O Bd8 16. Qb5 Ne7 17. Bh3+ Nf5 18. Bxf5+ Re6 19. Bxe6+ Qxe6 20. Rae1
Qd7 21. Qxd7+ Kxd7 22. Ne4 Rf8 23. Bd4 Bxe4 24. fxe4 Bf6 25. Bxf6 Rxf6 26. e5
dxe5 27. Rxe5 Re6 28. Rd1+ Ke7 29. Rc5 c6 30. a4 Rd6 31. Rxd6 Kxd6 32. Rc3 c5
33. Kg2 Kc6 34. Rc4 Kb6 35. b3 h5 36. Kg3 Kc6 37. h4 g4 38. Rf4 Kd5 39. Rf5+
Kd4 40. Rxh5 Kc3 41. Rxc5+ Kxb3 42. a5 Kb4 43. Rg5 {Black resigns} 1-0

[Event "FICS rated blitz game"]
[Site "FICS freechess.org"]
[Date "2018.01.22"]
[Round "?"]
[White "proximab"]
[Black "Jacksparow"]
[Result "1-0"]
[WhiteElo "2155"]
[BlackElo "1215"]
[PlyCount "51"]
[EventDate "2018.??.??"]
[EventType "blitz"]

1. e4 e5 2. Nf3 Nc6 3. c3 Nf6 4. d4 exd4 5. e5 Nd5 6. cxd4 Bb4+ 7. Bd2 h6 8.
Bc4 Bxd2+ 9. Qxd2 Nb6 10. Bb5 a6 11. Bxc6 bxc6 12. Qc2 d6 13. Qxc6+ Bd7 14. Qe4
Nc4 15. O-O dxe5 16. b3 Nd6 17. Qxe5+ Be6 18. d5 O-O 19. dxe6 fxe6 20. Qxe6+
Nf7 21. Nc3 Re8 22. Qc4 Kh8 23. Qxf7 Rf8 24. Ne5 Qg5 25. Qxc7 Rac8 26. Nf7+ 1-0

[Event "FICS rated blitz game"]
[Site "FICS freechess.org"]
[Date "2018.01.22"]
[Round "?"]
[White "lailasbar"]
[Black "spuddet"]
[Result "0-1"]
[WhiteElo "1437"]
[BlackElo "1463"]
[PlyCount "154"]
[EventDate "2018.??.??"]
[EventType "blitz"]

1. e4 e5 2. Nf3 Nc6 3. c3 Nf6 4. Qc2 d6 5. a3 Be7 6. d4 Bg4 7. d5 Nb8 8. Be2
Bh5 9. Be3 Bg6 10. Nbd2 Nxd5 11. Qd3 c6 12. c4 Nf6 13. b4 O-O 14. O-O d5 15.
cxd5 cxd5 16. Nxe5 Bxe4 17. Nxe4 Nxe4 18. Bf3 Qc7 19. Bd4 Nd7 20. Rac1 Nxe5 21.
Qxe4 Qxc1 22. Rxc1 dxe4 23. Bxe4 Ng6 24. Bxb7 Rad8 25. Be3 Rd7 26. Bc6 Rc7 27.
b5 Ne5 28. Bf4 f6 29. Bxe5 fxe5 30. a4 Kh8 31. Rc4 Rd8 32. g3 h6 33. Kg2 a6 34.
Re4 axb5 35. axb5 Bf6 36. h4 Rd4 37. Re2 Rg4 38. Kh3 Ra4 39. Be8 Ra1 40. b6 Rb7
41. Rb2 e4 42. Bc6 Bxb2 43. Bxb7 Bd4 44. Bxe4 Bxb6 45. f3 Kg8 46. g4 Bc7 47. h5
Rh1+ 48. Kg2 Ra1 49. Kf2 Bf4 50. Ke2 Kf8 51. Kd3 Ke7 52. Kc4 Kf6 53. Kd5 Ra5+
54. Kd4 Ra4+ 55. Kd5 Kg5 56. Ke6 Kh4 57. Kf7 Be5 58. Kg6 Kg3 59. Kf5 Bf6 60.
Bc6 Ra5+ 61. Kg6 Kf4 62. Be4 Ra4 63. Kf7 Rxe4 64. fxe4 Kxg4 65. Kg6 Kf4 66. Kh7
Kxe4 67. Kg6 Kf4 68. Kh7 Kg5 69. Kg8 Kxh5 70. Kf7 Bd8 71. Ke6 g5 72. Kf5 Kh4
73. Ke4 g4 74. Ke3 Kh3 75. Kf2 g3+ 76. Kg1 Bb6+ 77. Kh1 g2# {White checkmated}
0-1

[Event "FICS rated blitz game"]
[Site "FICS freechess.org"]
[Date "2018.01.22"]
[Round "?"]
[White "Lemmy"]
[Black "speralta"]
[Result "0-1"]
[WhiteElo "1280"]
[BlackElo "1409"]
[PlyCount "88"]
[EventDate "2018.??.??"]
[EventType "blitz"]

1. e4 e5 2. Nf3 Nc6 3. c3 d5 4. exd5 Qxd5 5. Be2 Nf6 6. O-O b6 7. Ng5 Be7 8.
Bf3 Qd7 9. d4 h6 10. dxe5 Nxe5 11. Bxa8 hxg5 12. Qe2 Nfg4 13. Re1 Rxh2 14. f3
Bc5+ 15. Be3 Bxe3+ 16. Qxe3 Nxe3 17. Kxh2 N3c4 18. b3 Nd6 19. Rxe5+ Kf8 20. Nd2
f6 21. Re2 Nf7 22. Rae1 Qd6+ 23. g3 Bd7 24. Ne4 Qd3 25. Bb7 Qxf3 26. Bc8 Ne5
27. Bxd7 Nxd7 28. Re3 Qh5+ 29. Kg2 Ne5 30. Nf2 g4 31. Rh1 Qg6 32. Rh8+ Kf7 33.
Rh4 Qg5 34. Re4 Qd2 35. Kf1 Qxc3 36. Nxg4 Qf3+ 37. Nf2 Nd3 38. Re2 Qxg3 39. Rd4
Nf4 40. Rd7+ Kg6 41. Ree7 Qg2+ 42. Ke1 Qg1+ 43. Kd2 Qxf2+ 44. Kc3 Nh5 0-1

[Event "FICS rated blitz game"]
[Site "FICS freechess.org"]
[Date "2018.01.22"]
[Round "?"]
[White "proximab"]
[Black "Geforce"]
[Result "0-1"]
[WhiteElo "2145"]
[BlackElo "2058"]
[PlyCount "78"]
[EventDate "2018.??.??"]
[EventType "blitz"]

1. e4 e5 2. Nf3 Nc6 3. c3 d6 4. d4 Bd7 5. d5 Nce7 6. Bc4 Nf6 7. Qd3 Ng6 8. O-O
Be7 9. a3 a6 10. h3 h5 11. Bg5 Nh7 12. Bxe7 Qxe7 13. Nbd2 Nf4 14. Qc2 g5 15.
Rad1 g4 16. hxg4 hxg4 17. Nh2 Ng5 18. Nb3 f5 19. g3 Rxh2 20. f3 Rxc2 21. gxf4
Nxf3+ 22. Rxf3 gxf3 23. Rd2 Qg7+ 24. Kf1 Rxd2 25. Nxd2 Qg2+ 26. Ke1 Bb5 27.
Bxb5+ axb5 28. Kd1 Qe2+ 29. Kc1 fxe4 30. fxe5 e3 31. Nxf3 Qxf3 32. exd6 Qe2 33.
dxc7 Kd7 34. c8=Q+ Rxc8 35. a4 b4 36. b3 Rxc3+ 37. Kb1 Qc2+ 38. Ka1 e2 39. a5
e1=Q# {White checkmated} 0-1

[Event "FICS rated blitz game"]
[Site "FICS freechess.org"]
[Date "2018.01.22"]
[Round "?"]
[White "proximab"]
[Black "Jacksparow"]
[Result "1-0"]
[WhiteElo "2157"]
[BlackElo "1215"]
[PlyCount "59"]
[EventDate "2018.??.??"]
[EventType "blitz"]

1. e4 e5 2. Nf3 Nc6 3. c3 Bc5 4. b4 Bb6 5. b5 Na5 6. Nxe5 Qf6 7. d4 h6 8. Qh5
g6 9. Qe2 d6 10. Nd3 Nc4 11. Nf4 Ne7 12. Qxc4 c5 13. bxc6 Nxc6 14. Nd5 Qd8 15.
Nxb6 Qxb6 16. Qd5 Ne7 17. Qb5+ Qxb5 18. Bxb5+ Bd7 19. Bxd7+ Kxd7 20. O-O Nc6
21. Bf4 g5 22. Bg3 h5 23. h4 gxh4 24. Bxh4 Rag8 25. d5 Ne5 26. Nd2 Rg4 27. g3
Rhg8 28. Kh1 Ng6 29. f3 Nxh4 30. fxg4 1-0

[Event "FICS rated blitz game"]
[Site "FICS freechess.org"]
[Date "2018.01.22"]
[Round "?"]
[White "proximab"]
[Black "Jacksparow"]
[Result "1-0"]
[WhiteElo "2155"]
[BlackElo "1215"]
[PlyCount "43"]
[EventDate "2018.??.??"]
[EventType "blitz"]

1. e4 e5 2. Nf3 Nc6 3. c3 Bc5 4. d4 exd4 5. cxd4 Bb4+ 6. Bd2 a5 7. d5 Na7 8.
Bd3 Nf6 9. a3 Bxd2+ 10. Qxd2 h6 11. Qxa5 b6 12. Qd2 d6 13. Nc3 Bd7 14. Rf1 b5
15. O-O-O Rb8 16. e5 b4 17. exf6 Qxf6 18. Qe3+ Kf8 19. Qxa7 Re8 20. axb4 Bg4
21. Qxc7 Bxf3 22. gxf3 1-0

[Event "FICS rated blitz game"]
[Site "FICS freechess.org"]
[Date "2018.01.22"]
[Round "?"]
[White "proximab"]
[Black "Geforce"]
[Result "1-0"]
[WhiteElo "2143"]
[BlackElo "2041"]
[PlyCount "53"]
[EventDate "2018.??.??"]
[EventType "blitz"]

1. e4 e5 2. Nf3 Nc6 3. c3 d6 4. d4 Nf6 5. d5 Ne7 6. Bg5 Ng6 7. Bb5+ Bd7 8. Bxf6
gxf6 9. Qa4 Bh6 10. Bxd7+ Qxd7 11. Qxd7+ Kxd7 12. O-O Rhg8 13. g3 Bg5 14. Na3
h5 15. Nc4 h4 16. a3 b5 17. Na5 Rh8 18. Rae1 Rh7 19. c4 Rah8 20. cxb5 hxg3 21.
fxg3 Bd2 22. Nxd2 Rxh2 23. Ndc4 Rc2 24. Rxf6 Rhh2 25. Rxf7+ Ke8 26. Rxc7 Rcg2+
27. Kf1 1-0

[Event "FICS rated blitz game"]
[Site "FICS freechess.org"]
[Date "2018.01.22"]
[Round "?"]
[White "proximab"]
[Black "Geforce"]
[Result "1-0"]
[WhiteElo "2135"]
[BlackElo "2053"]
[PlyCount "45"]
[EventDate "2018.??.??"]
[EventType "blitz"]

1. e4 e5 2. Nf3 Nc6 3. c3 d6 4. d4 Be7 5. d5 Nb8 6. Bb5+ Nd7 7. Be3 a6 8. Bc4
Ngf6 9. Qd3 Nf8 10. Nbd2 Ng6 11. O-O-O O-O 12. Rhf1 c5 13. dxc6 bxc6 14. Ng5
Qa5 15. Bxf7+ Rxf7 16. Nxf7 Kxf7 17. Qc4+ Be6 18. Qxc6 Rc8 19. Qb7 Qxa2 20. f4
exf4 21. Bxf4 Ne5 22. Bxe5 dxe5 23. Nf3 1-0

[Event "FICS rated standard game"]
[Site "FICS freechess.org"]
[Date "2018.01.22"]
[Round "?"]
[White "koadjao"]
[Black "Ahmeddawd"]
[Result "1-0"]
[WhiteElo "1732"]
[BlackElo "1748"]
[PlyCount "33"]
[EventDate "2018.??.??"]

1. e4 e5 2. Nf3 Nc6 3. c3 Nf6 4. d4 exd4 5. e5 dxc3 6. exf6 cxb2 7. Bxb2 gxf6
8. Bb5 Bb4+ 9. Bc3 Qe7+ 10. Qe2 Bxc3+ 11. Nxc3 Qxe2+ 12. Nxe2 Ne5 13. Nfd4 c6
14. Ba4 d5 15. O-O Be6 16. Nf4 Bf5 17. Nxf5 {Black resigns} 1-0

[Event "FICS rated blitz game"]
[Site "FICS freechess.org"]
[Date "2018.01.22"]
[Round "?"]
[White "windbumwino"]
[Black "KramMan"]
[Result "0-1"]
[WhiteElo "1513"]
[BlackElo "1559"]
[PlyCount "52"]
[EventDate "2018.??.??"]
[EventType "blitz"]

1. e4 e5 2. c3 Nc6 3. Nf3 Bc5 4. d4 exd4 5. cxd4 Bb4+ 6. Bd2 d5 7. Bxb4 Nxb4 8.
a3 Nc6 9. e5 Bg4 10. Bb5 Nge7 11. Qb3 O-O 12. Nbd2 f6 13. Bxc6 bxc6 14. Qc3
fxe5 15. Nxe5 Bd7 16. Nxd7 Qxd7 17. O-O Rf6 18. Nb3 Raf8 19. Nc5 Qd6 20. Qe3
Nf5 21. Qe5 h5 22. h3 R8f7 23. b4 Re7 24. Qxd6 cxd6 25. Nb3 Re4 26. f3 Re3 0-1

[Event "FICS rated blitz game"]
[Site "FICS freechess.org"]
[Date "2018.01.22"]
[Round "?"]
[White "proximab"]
[Black "Geforce"]
[Result "1-0"]
[WhiteElo "2149"]
[BlackElo "2035"]
[PlyCount "55"]
[EventDate "2018.??.??"]
[EventType "blitz"]

1. e4 e5 2. Nf3 Nc6 3. c3 d6 4. d4 Nf6 5. d5 Ne7 6. Bg5 Ng6 7. Bb5+ Bd7 8. Bxf6
Qxf6 9. Qa4 Bxb5 10. Qxb5+ Kd8 11. Qxb7 Rc8 12. O-O Nf4 13. Nbd2 h5 14. Qxa7
Rh6 15. Qa6 Rg6 16. g3 Be7 17. h4 Rg4 18. Kh1 Ng6 19. Nh2 Nxh4 20. Nxg4 hxg4
21. gxh4 Qxh4+ 22. Kg2 Qh3+ 23. Kg1 Bg5 24. Rfd1 Bf4 25. Nf1 Kd7 26. Rd3 Qh4
27. Qc6+ Ke7 28. Ng3 1-0

[Event "FICS rated blitz game"]
[Site "FICS freechess.org"]
[Date "2018.01.22"]
[Round "?"]
[White "proximab"]
[Black "Geforce"]
[Result "1-0"]
[WhiteElo "2149"]
[BlackElo "2059"]
[PlyCount "43"]
[EventDate "2018.??.??"]
[EventType "blitz"]

1. e4 e5 2. Nf3 Nc6 3. c3 d6 4. d4 Nf6 5. d5 Ne7 6. Bg5 Ng6 7. Bb5+ Bd7 8. Bxf6
Qxf6 9. Qa4 Bxb5 10. Qxb5+ Kd8 11. Qxb7 Rc8 12. O-O Nf4 13. Nbd2 h5 14. Qxa7 h4
15. Qb7 Rh6 16. Qc6 Qg6 17. g3 Qg4 18. Qb5 Qh3 19. gxf4 Rg6+ 20. Ng5 exf4 21.
Kh1 Rxg5 22. Rg1 1-0

[Event "FICS rated blitz game"]
[Site "FICS freechess.org"]
[Date "2018.01.22"]
[Round "?"]
[White "proximab"]
[Black "Geforce"]
[Result "1-0"]
[WhiteElo "2106"]
[BlackElo "2117"]
[PlyCount "99"]
[EventDate "2018.??.??"]
[EventType "blitz"]

1. e4 e5 2. Nf3 Nc6 3. c3 d6 4. d4 Be7 5. d5 Nb8 6. Bb5+ Nd7 7. Be3 a6 8. Bc4
Ngf6 9. Qd3 h6 10. Nbd2 Nf8 11. O-O-O Ng6 12. Rhf1 Bd7 13. h3 O-O 14. Qc2 b5
15. Bd3 Qb8 16. Nb3 a5 17. Qd2 a4 18. Na1 Qc8 19. Nc2 Qb7 20. Nb4 Nh5 21. c4
bxc4 22. Bxc4 a3 23. b3 Rfb8 24. Nd3 c5 25. Qe2 Nf6 26. Bd2 Bb5 27. Nde1 Bxc4
28. Qxc4 Nd7 29. Nd3 Nb6 30. Qb5 Qc7 31. Ba5 Bd8 32. Qe8+ Nf8 33. Qb5 Qa7 34.
Bxb6 Bxb6 35. Kb1 Ba5 36. Qc4 Nd7 37. Nh4 Nb6 38. Qc2 c4 39. Nc1 cxb3 40. Nxb3
Rc8 41. Qd3 Na4 42. Rc1 Nc3+ 43. Ka1 Rab8 44. Nf5 Bb4 45. Nxd6 Bxd6 46. Rxc3
Bb4 47. Rc6 Rxc6 48. dxc6 Rc8 49. Qc4 Bd6 50. Qd5 1-0

[Event "FICS rated blitz game"]
[Site "FICS freechess.org"]
[Date "2018.01.22"]
[Round "?"]
[White "SargonV"]
[Black "Extrawurst"]
[Result "0-1"]
[WhiteElo "1525"]
[BlackElo "1477"]
[PlyCount "74"]
[EventDate "2018.??.??"]
[EventType "blitz"]

1. e4 e5 2. Nf3 Nc6 3. c3 d5 4. Qa4 Bd7 5. exd5 Nd4 6. Qd1 Bg4 7. cxd4 Qxd5 8.
dxe5 O-O-O 9. Be2 Ne7 10. Nc3 Qd7 11. O-O Ng6 12. d4 Qe8 13. Be3 Bxf3 14. Bxf3
Nxe5 15. dxe5 Rxd1 16. Raxd1 Bb4 17. Bf4 h6 18. Nd5 Ba5 19. b4 Bb6 20. Nxb6+
axb6 21. Rd4 g5 22. Bg3 h5 23. h4 Rg8 24. Rfd1 Qe7 25. hxg5 Kb8 26. Rd7 Qxg5
27. e6 Rc8 28. e7 h4 29. Rxc7 hxg3 30. Rxc8+ Kxc8 31. e8=Q+ Kc7 32. Qc8+ Kxc8
33. fxg3 Qxg3 34. Rd3 Qe1+ 35. Kh2 Qxb4 36. a3 Qc4 37. Re3 Qf4+ {White resigns}
0-1

[Event "FICS rated lightning game"]
[Site "FICS freechess.org"]
[Date "2018.01.22"]
[Round "?"]
[White "pikozrout"]
[Black "Geforce"]
[Result "1-0"]
[WhiteElo "2235"]
[BlackElo "2017"]
[PlyCount "65"]
[EventDate "2018.??.??"]

1. e4 e5 2. Nf3 Nc6 3. c3 Nf6 4. d4 d6 5. Bd3 Be7 6. O-O O-O 7. d5 Nb8 8. Be3
Nbd7 9. h3 c5 10. Qe2 b6 11. Nbd2 Nb8 12. Rfe1 Nfd7 13. Bc2 Bf6 14. Ba4 a6 15.
c4 Qe7 16. Nh2 Bg5 17. Nhf1 Bxe3 18. Nxe3 Nf6 19. Rac1 g6 20. Rc3 Nh5 21. Nf5
Bxf5 22. exf5 Nf4 23. Qg4 Qf6 24. Ne4 Qd8 25. Ra3 Nh5 26. Bb5 Nf6 27. Qh4 Nxe4
28. Qxe4 Ra7 29. Rd1 Qf6 30. fxg6 fxg6 31. Rd2 Qf4 32. Qe2 Nd7 33. Bxd7 1-0

[Event "FICS rated blitz game"]
[Site "FICS freechess.org"]
[Date "2018.01.22"]
[Round "?"]
[White "bukowskic"]
[Black "akx"]
[Result "0-1"]
[WhiteElo "1789"]
[BlackElo "1708"]
[PlyCount "116"]
[EventDate "2018.??.??"]
[EventType "blitz"]

1. e4 e5 2. c3 Nc6 3. Nf3 Nf6 4. d3 Be7 5. h3 d6 6. Bg5 Be6 7. Bxf6 Bxf6 8. Be2
Qd7 9. Nbd2 h6 10. Qc2 a6 11. a3 b5 12. c4 bxc4 13. dxc4 Nd4 14. Nxd4 exd4 15.
Qd3 c5 16. O-O Rb8 17. b3 a5 18. a4 O-O 19. Rab1 Bg5 20. Nf3 Be7 21. Nh2 f5 22.
exf5 Bxf5 23. Qd2 Bxb1 24. Rxb1 Bg5 25. Qd3 Qf5 26. Qd1 Qxf2+ 27. Kh1 Rbe8 28.
Bf3 Re3 29. Ng4 Qg3 30. Nxe3 Bxe3 31. Qe1 Bf2 32. Qe6+ Kh8 33. Qg4 Qe5 34. Rf1
Be3 35. Re1 Rf4 36. Qc8+ Kh7 37. Qc6 Qe6 38. Bd5 Qf6 39. Be4+ g6 40. Qb7+ Kh8
41. Qc8+ Kg7 42. Qd7+ Kf8 43. Qc8+ Ke7 44. Qc7+ Ke8 45. Bc6+ Kf8 46. Qc8+ Kg7
47. Qd7+ Qf7 48. Qxf7+ Kxf7 49. Bf3 g5 50. Kh2 Kf6 51. Rd1 Kg6 52. Kg3 h5 53.
Kh2 g4 54. hxg4 hxg4 55. Bd5 Kf5 56. Kh1 g3 57. Bf3 Kg5 58. Rd3 Rh4# {White
checkmated} 0-1

[Event "FICS unrated blitz game"]
[Site "FICS freechess.org"]
[Date "2018.01.22"]
[Round "?"]
[White "ukw"]
[Black "kalu"]
[Result "0-1"]
[WhiteElo "1602"]
[BlackElo "1552"]
[PlyCount "44"]
[EventDate "2018.??.??"]
[EventType "blitz"]

1. e4 e5 2. Nf3 Nc6 3. c3 d5 4. Qa4 dxe4 5. Qxe4 Nf6 6. Qe2 Bd6 7. d4 e4 8. Bg5
O-O 9. Nbd2 exf3 10. gxf3 Re8 11. Be3 Bf4 12. O-O-O Nd5 13. Qd3 Nxe3 14. fxe3
Bxe3 15. Rg1 g6 16. Rg3 Bf5 17. Qc4 Bf4 18. Rg2 Na5 19. Qa4 b6 20. d5 Bh6 21.
f4 Qxd5 22. Nc4 Bxf4+ {White resigns} 0-1

[Event "FICS rated standard game"]
[Site "FICS freechess.org"]
[Date "2018.01.22"]
[Round "?"]
[White "koadjao"]
[Black "SlicedBread"]
[Result "1-0"]
[WhiteElo "1715"]
[BlackElo "1708"]
[PlyCount "39"]
[EventDate "2018.??.??"]

1. e4 e5 2. Nf3 Nc6 3. c3 Bd6 4. d4 exd4 5. cxd4 Bb4+ 6. Bd2 Nf6 7. Bd3 Bxd2+
8. Qxd2 d5 9. e5 Ne4 10. Bxe4 dxe4 11. Ng5 Qxd4 12. O-O Qxe5 13. f4 Qf5 14. Nc3
O-O 15. Ngxe4 Be6 16. Ng3 Qc5+ 17. Kh1 Rad8 18. Qe1 Nd4 19. Qe5 f6 20. Qxc5 {
Black resigns} 1-0

[Event "FICS rated blitz game"]
[Site "FICS freechess.org"]
[Date "2018.01.22"]
[Round "?"]
[White "lailasbar"]
[Black "mugger"]
[Result "1-0"]
[WhiteElo "1482"]
[BlackElo "1389"]
[PlyCount "47"]
[EventDate "2018.??.??"]
[EventType "blitz"]

1. e4 e5 2. Nf3 Nc6 3. c3 Bc5 4. d4 exd4 5. cxd4 Bb4+ 6. Nc3 Nf6 7. Bd3 O-O 8.
O-O d5 9. e5 Nd7 10. Nxd5 Nb6 11. Nxb4 Nxb4 12. Bb1 Bg4 13. Be3 N6d5 14. a3 Nc6
15. Be4 Qd7 16. Qb3 Nb6 17. d5 Bxf3 18. dxc6 bxc6 19. Bxf3 Rab8 20. Qc2 Nd5 21.
Bxa7 Rb7 22. Bd4 Nf4 23. Bxc6 Qxd4 24. Bxb7 {Black resigns} 1-0

[Event "FICS rated standard game"]
[Site "FICS freechess.org"]
[Date "2018.01.22"]
[Round "?"]
[White "proximab"]
[Black "GonzalesZS"]
[Result "1-0"]
[WhiteElo "2161"]
[BlackElo "1746"]
[PlyCount "58"]
[EventDate "2018.??.??"]

1. e4 e5 2. Nf3 Nc6 3. c3 Nf6 4. d4 exd4 5. e5 dxc3 6. exf6 Qxf6 7. Nxc3 Bc5 8.
Qe2+ Kf8 9. Nd5 Qd6 10. Qe4 b6 11. Bf4 Bb4+ 12. Kd1 Qc5 13. Nxc7 Bb7 14. Nxa8
Na5 15. Qe5 Qxe5 16. Nxe5 Bxa8 17. a3 Be7 18. Nxd7+ Ke8 19. Ne5 f6 20. Bb5+ Kf8
21. Rc1 Bb7 22. Nd7+ Kf7 23. f3 a6 24. Ba4 b5 25. Bc7 Nc6 26. Bb3+ Kg6 27. Bd5
Rc8 28. Bxc6 Rxc7 29. Be4+ Bxe4 {Black resigns} 1-0

[Event "FICS unrated blitz game"]
[Site "FICS freechess.org"]
[Date "2018.01.22"]
[Round "?"]
[White "ukw"]
[Black "kalu"]
[Result "0-1"]
[WhiteElo "1602"]
[BlackElo "1552"]
[PlyCount "74"]
[EventDate "2018.??.??"]
[EventType "blitz"]

1. e4 e5 2. Nf3 Nc6 3. c3 d5 4. Qa4 dxe4 5. Nxe5 Qd6 6. Nxc6 bxc6 7. Qxe4+ Be7
8. Bc4 Nf6 9. Qf3 Bg4 10. Qg3 Qc5 11. d3 O-O 12. Be3 Qh5 13. Nd2 Bd6 14. f4
Rfe8 15. O-O g5 16. Qf2 Rxe3 17. Qxe3 Re8 18. Qxa7 gxf4 19. Nf3 Re3 20. Qa8+
Kg7 21. Qxc6 Qf5 22. Rae1 Nh5 23. Rxe3 fxe3 24. Nh4 Bxh2+ 25. Kxh2 Qxf1 26. Qe4
Qf4+ 27. Qxf4 Nxf4 28. d4 e2 29. Bxe2 Nxe2 30. g3 Kf6 31. Ng2 Ke6 32. Ne3 h5
33. a4 Kd6 34. Kg2 Kc6 35. Kf2 Nc1 36. b4 Na2 37. a5 Nxc3 0-1

[Event "FICS rated blitz game"]
[Site "FICS freechess.org"]
[Date "2018.01.21"]
[Round "?"]
[White "proximab"]
[Black "Chiclamino"]
[Result "1-0"]
[WhiteElo "2082"]
[BlackElo "1507"]
[PlyCount "39"]
[EventDate "2018.??.??"]
[EventType "blitz"]

1. e4 e5 2. Nf3 Nc6 3. c3 Bc5 4. b4 Bb6 5. b5 Na5 6. d4 d5 7. Nxe5 Nf6 8. exd5
Nxd5 9. c4 Nf6 10. c5 Ng4 11. cxb6 Qf6 12. Nxg4 Bxg4 13. Qxg4 Nc4 14. Bxc4 Rd8
15. Bg5 Rxd4 16. Qe2+ Qe6 17. Bxe6 fxe6 18. Qxe6+ Kf8 19. Qe7+ Kg8 20. Qe8# {
Black checkmated} 1-0

[Event "FICS rated blitz game"]
[Site "FICS freechess.org"]
[Date "2018.01.21"]
[Round "?"]
[White "windbumwino"]
[Black "oritelgavi"]
[Result "0-1"]
[WhiteElo "1512"]
[BlackElo "1446"]
[PlyCount "80"]
[EventDate "2018.??.??"]
[EventType "blitz"]

1. e4 e5 2. c3 Nc6 3. Nf3 Bc5 4. d4 exd4 5. cxd4 Bb4+ 6. Bd2 Bxd2+ 7. Nbxd2
Nge7 8. d5 Nb8 9. Qc2 d6 10. Bb5+ Bd7 11. Qa4 O-O 12. O-O a6 13. Bxd7 Nxd7 14.
b4 Ng6 15. Qb3 Nge5 16. h3 Qf6 17. Nxe5 Nxe5 18. f3 Qg6 19. Nc4 Nd7 20. a4 Qg3
21. Na5 Rab8 22. Qc4 Rfc8 23. Nb3 Ne5 24. Qe2 Ng6 25. Qf2 Qg5 26. Rac1 Nf4 27.
Kh1 Nd3 28. Qd2 Qxd2 29. Nxd2 Nxc1 30. Rxc1 c6 31. dxc6 Rxc6 32. Rxc6 bxc6 33.
Nc4 Rxb4 34. Nxd6 Rxa4 35. Nb7 Ra1+ 36. Kh2 a5 37. Nc5 a4 38. Kg3 a3 39. Kf4 a2
40. Nb3 Rb1 {White resigns} 0-1

[Event "FICS rated standard game"]
[Site "FICS freechess.org"]
[Date "2018.01.21"]
[Round "?"]
[White "CarveItUp"]
[Black "bhekisipho"]
[Result "0-1"]
[WhiteElo "1714"]
[BlackElo "1809"]
[PlyCount "59"]
[EventDate "2018.??.??"]

1. e4 e5 2. Nf3 Nc6 3. c3 Nf6 4. Qc2 d5 5. exd5 Nxd5 6. d3 h6 7. h3 Bf5 8. Nbd2
Bc5 9. b4 Bb6 10. Be2 Nf4 11. g3 Nxd3+ 12. Bxd3 Bxd3 13. Qb3 O-O 14. Nc4 Be4
15. Ncd2 Bd5 16. c4 Nd4 17. Nxd4 Bxh1 18. Ne2 c5 19. Bb2 cxb4 20. O-O-O Bc6 21.
Ne4 Qe8 22. Nd6 Qe6 23. Qxb4 Bxf2 24. Rf1 Be3+ 25. Kb1 a5 26. Qa3 b6 27. Nxf7
Bc5 28. Nxh6+ Qxh6 29. Rxf8+ Rxf8 30. Qd3 {White resigns} 0-1

[Event "FICS rated blitz game"]
[Site "FICS freechess.org"]
[Date "2018.01.21"]
[Round "?"]
[White "lopencjo"]
[Black "GibletGrey"]
[Result "1-0"]
[WhiteElo "1853"]
[BlackElo "1752"]
[PlyCount "89"]
[EventDate "2018.??.??"]
[EventType "blitz"]

1. e4 e5 2. Nf3 Nc6 3. c3 Nf6 4. d4 Bd6 5. dxe5 Nxe5 6. Nxe5 Bxe5 7. f4 Nxe4 8.
Qe2 Qh4+ 9. g3 Nxg3 10. Qf2 Bxc3+ 11. Nxc3 Nf5 12. Qxh4 Nxh4 13. Rg1 Nf3+ 14.
Kf2 Nxg1 15. Kxg1 c6 16. Be3 O-O 17. Bc5 Re8 18. Bd6 b6 19. Bc4 Bb7 20. Kf2 c5
21. Nd5 Bxd5 22. Bxd5 Rac8 23. Bb7 f6 24. Bxc8 Rxc8 25. Re1 Kf7 26. Re7+ Kg6
27. Rxd7 a5 28. Rc7 Rxc7 29. Bxc7 b5 30. Bxa5 Kf5 31. Kf3 g5 32. Bc7 g4+ 33.
Ke3 h5 34. b3 h4 35. a4 bxa4 36. bxa4 g3 37. hxg3 hxg3 38. Kf3 c4 39. a5 c3 40.
Bd6 c2 41. Ba3 Ke6 42. a6 Kd7 43. a7 Kc7 44. a8=Q c1=Q 45. Bxc1 {Black resigns}
1-0

[Event "FICS rated blitz game"]
[Site "FICS freechess.org"]
[Date "2018.01.21"]
[Round "?"]
[White "freqrider"]
[Black "iialwttt"]
[Result "0-1"]
[WhiteElo "939"]
[BlackElo "901"]
[PlyCount "52"]
[EventDate "2018.??.??"]
[EventType "blitz"]

1. e4 e5 2. Nf3 Nc6 3. c3 Nf6 4. d3 d6 5. a3 d5 6. Nbd2 d4 7. c4 b6 8. Qa4 Bd7
9. b4 a6 10. Qb3 a5 11. b5 a4 12. Qb2 Ne7 13. Nxe5 g6 14. Qxd4 c5 15. bxc6 Nxc6
16. Nxc6 Bxc6 17. Qe5+ Be7 18. Nf3 Ng4 19. Qxh8+ Kd7 20. Qd4+ Ke8 21. Qh8+ Kd7
22. g3 Qxh8 23. Bh3 Qxa1 24. Bxg4+ Ke8 25. Kd1 Bxa3 26. Ke2 Bxc1 {White resigns
} 0-1

[Event "FICS rated blitz game"]
[Site "FICS freechess.org"]
[Date "2018.01.21"]
[Round "?"]
[White "Uddo"]
[Black "Eltiekay"]
[Result "1-0"]
[WhiteElo "1488"]
[BlackElo "1492"]
[PlyCount "87"]
[EventDate "2018.??.??"]
[EventType "blitz"]

1. e4 e5 2. Nf3 Nc6 3. c3 Bc5 4. d4 exd4 5. cxd4 Bb4+ 6. Nc3 Bxc3+ 7. bxc3 d6
8. Bb5 Nge7 9. d5 a6 10. dxc6 axb5 11. cxb7 Bxb7 12. O-O Bxe4 13. Re1 Bxf3 14.
Qxf3 O-O 15. Bg5 f6 16. Bh4 Ng6 17. Bg3 f5 18. h3 f4 19. Bh2 Nh4 20. Qd5+ Kh8
21. Qxb5 Rb8 22. Qd5 Rf5 23. Qe4 h6 24. a4 Qg5 25. Reb1 Rbf8 26. Rb5 f3 27. g3
Ng2 28. Rxf5 Rxf5 29. Qe8+ Kh7 30. Qe4 d5 31. Qg4 Qxg4 32. hxg4 Re5 33. a5 Re8
34. a6 Ra8 35. a7 Kg6 36. Kh1 Kf6 37. Bg1 g6 38. Kh2 h5 39. gxh5 g5 40. Kh3 Kf5
41. g4+ Kf6 42. Kg3 Ke5 43. Kxf3 Nh4+ 44. Ke2 1-0